| 000 | 00390nam a2200133Ia 4500 | ||
|---|---|---|---|
| 005 | 20260328101528.0 | ||
| 008 | 260328s9999||||xx |||||||||||||| ||und|| | ||
| 100 | _aJodidio, Philip | ||
| 245 | 0 |
_aTadao Ando, Venice : _b The Pinault Collection at the Palazzo Grassi and the Punta della Dogana / _cPhilip Jodidio |
|
| 260 | _bRizzoli | ||
| 300 | _a160 p. | ||
| 650 | _aARQUITECTOS | ||
| 942 | _cBK | ||
| 999 |
_c9852 _d9852 |
||